Plantec '93

Podrobná bibliografia
Hlavný autor: bor (Autor)
Médium: Článok
Jazyk:čeština
ISSN:0139-9470
Predmet:

MARC

LEADER 00000nab a2200000 a 4500
001 vtls000506227
003 SK-MaSNL
005 20260303101703.0
008 150501c1994 xo 0 cze
015 |a SNBRB19rr/mm-uuuuu 
035 |a CL0506365 
040 |a SNKBUCL  |b slo  |c SNKBUCL  |e AACR2 
041 0 |a cze 
044 |a xo  |c SK 
080 |a 635:061.43(100):339.174  |2 1981 
100 1 |a bor.  |4 aut  |9 848152 
245 1 0 |a Plantec '93  |c Bor. 
650 0 7 |a záhradníctvo  |2 snkbucl  |9 2729 
650 0 7 |a Plantec 1993, Frankfurt nad Mohanom  |2 snkbucl  |9 1113714 
655 7 |a články z novín a časopisov  |2 snkbucl  |9 267496 
773 0 |t Záhradníctvo  |g Roč. 19, č. 1 (1994), s. 30  |x 0139-9470 
850 |a Slovenská národná knižnica v Martine  |a MTA001 
852 |a SNK  |b KIS3GCP 
958 |a RK 
958 |a DE 
992 |a RBX 
999 |c 1839733  |d 1841663